1195 1351 1516 1831 1679 1403 1251 1290 1663 1648 1663 1150 1279 1043 1001 1586 1720 1054 1510 1923 1978 1504 1985 1790 1917 1555 1061 1309 1543 1336 1750 1741 1860 1706 1680 1558 1954 1887 1857 1587 1115 1354 1847 1516 1015 1933 1775 1234 1469 1002 1569 1807 1623 1461 1370 1254 1188 1661 1271 1423 1029 1051 1029 1437 1227 1647 1001 1318 1146 1104 1826 1001 1967 1048 1840 1525 1829 1673 1863 1356 1551 1886 1456 1176 1983 1119 1640 1823 1783 1845 1343 1491 1946 1029 1274 1898 1389 1377 1987 BCNSPRNW ULIB Ver.6.0+V

เปลี่ยนเป็นภาษาไทย

Change to English
 แสดงรายละเอียดบรรณานุกรม
  กลับหน้าหลัก

Brief Record : Get Marc (ISO 2709) : E-mail record : QR code < ปิดหน้าต่าง
LEADER : 00000nam 2200000uu 4500
001    13399125833
003     ULIB
008    020711s2018 th a 000 0 eng d
020    ู^a9780323402316
060    ^aWA18^bN-H
100    ^aNelson, Romona.
245    ^aHealth Informatics An Interproessional Approach/^cNelson, Romona.
250    ^a2nd ed
260    ^aLouis,Missouri :^bElsevier,^c2018
300    ^a658 pages;^c30 cm
650    ^aHealth-Informatics^xApproach
945    ^p2558^l0^i003210
999    ^aประนอม เกษจรัล
รายการนี้ยังไม่มีแท็ก
คุณยังไม่ได้ล็อกอิน คุณสามารถมีกิจกรรมร่วมกับเว็บไซต์ได้ แต่ต้องล็อกอินก่อน ::
  ล็อกอิน

รายการสื่อสารสนเทศ

ลำดับที่ ประเภท เลขเรียก/บาร์โค้ด สถานที่ สถานะ
1. วิทยาศาสตร์การแพทย์ และสุขภาพ
หนังสือสำรอง
สถานะ=หนังสือสำรอง
WA18 N-H ฉ.1 
  Barcode: 003210
ห้องสมุดวิทยาเขตสวรรค์ประชารักษ์
►หนังสือทั่วไป
บนชั้น

BibComment


ยังไม่เคยถูกคอมเมนท์

คอมเมนท์ทรัพยากรรายการนี้
  คอมเมนท์: Health Informati..


 Copyright 2026. Bcnsprnw @Library